00357nam a22001097a 4500082001400000100006400014245006400078250002000142260005000162300000700212650002800219 a621.4 ALT aAlternative Energy Sources For Future and Energy Management aAlternative Energy Sources For Future and Energy Management aSeminar Reports aColombobInstitiute of Chemistry Ceylonc2008 a25 aenergyaseminar reports